| 000 | 00664nam a22002057a 4500 | ||
|---|---|---|---|
| 999 |
_c9080 _d9080 |
||
| 003 | AR-CdUCM | ||
| 008 | 190327b ||||| |||| 00| 0 spa d | ||
| 040 |
_aMUNICIPALIDAD PROVINCIAL DEL CUSCO _cBIBLIOTECA MUNICIPAL DEL CUSCO |
||
| 082 |
_a372 / _bV62 |
||
| 100 |
_aS. J., Juan de Dios Vicente _925067 |
||
| 245 |
_aDoctrina Cristiana : _bPrimera Comunión / |
||
| 260 |
_aPerú : _c1963. |
||
| 300 |
_a28 páginas ; _bIlustraciones _c16cm |
||
| 440 |
_aApuntes de Religión _925068 |
||
| 505 | _aContenido: Apuntes de religión 1ro de primaria | ||
| 650 |
_aReligión _91195 |
||
| 650 |
_aEducación primaria _91561 |
||
| 942 |
_2ddc _cLIBROS |
||
| 945 | _anom | ||